Prácticas de calor y frío industrial / por A. l. Miranda
Publicado:
Barcelona :
E.U.I.T.I.B. Departamento de Mecánica de Fluidos y Termondinámica, octubre de 1984
Descripción Física:
[92] p. : il. ; 30 cm
MARC
| LEADER | 00000nam a2200000Ia 4500 | ||
|---|---|---|---|
| 001 | 1958 | ||
| 008 | 160829s9999 xx 000 0 cat d | ||
| 080 | |a C-2-144 | ||
| 100 | |a Miranda, A. L. |9 24996 | ||
| 245 | |a Prácticas de calor y frío industrial / por A. l. Miranda | ||
| 260 | |a Barcelona : |b E.U.I.T.I.B. Departamento de Mecánica de Fluidos y Termondinámica, octubre de 1984 | ||
| 300 | |a [92] p. : |b il. ; |c 30 cm | ||
| 650 | |a Calor |9 27631 | ||
| 650 | |a Fred |9 30939 | ||
| 710 | |a Escola Universitària d'Enginyeria Tècnica Industrial de Barcelona. |b Departament de Mecànica de Fluids i Termodinàmica |9 70053 | ||
| 901 | |a Arxiu | ||
| 942 | |n 1 | ||
| 952 | |0 0 |1 0 |4 0 |6 C2144 |7 1 |9 45578 |a Arxiu |b Arxiu |d 2016-12-01 |l 0 |o C-2-144 |p 1958 |r 2016-12-01 00:00:00 |w 2016-12-01 |y ARXIU | ||
| 999 | |c 48746 |d 48746 | ||